|
|
|
|
| LEADER |
00000cam a22000004a 4500 |
| 001 |
musev2_89124 |
| 003 |
MdBmJHUP |
| 005 |
20230905052952.0 |
| 006 |
m o d |
| 007 |
cr||||||||nn|n |
| 008 |
200915s2020 ohu o 00 0 eng d |
| 010 |
|
|
|z 2020016049
|
| 020 |
|
|
|a 9780821446942
|
| 020 |
|
|
|z 9780821425121
|
| 020 |
|
|
|z 9780821424032
|
| 035 |
|
|
|a (OCoLC)1155925038
|
| 040 |
|
|
|a MdBmJHUP
|c MdBmJHUP
|
| 100 |
1 |
|
|a Isaacman, Allen F.
|4 author
|
| 245 |
1 |
0 |
|a The Phenomenology of Pain /
|c Allen F. Isaacman, Barbara S. Isaacman ; foreword by Albie Sachs.
|
| 264 |
|
1 |
|a Athens :
|b Ohio University Press,
|c [2020]
|
| 264 |
|
3 |
|a Baltimore, Md. :
|b Project MUSE,
|c 2022
|
| 264 |
|
4 |
|c ©[2020]
|
| 300 |
|
|
|a 1 online resource (264 pages).
|
| 336 |
|
|
|a text
|b txt
|2 rdacontent
|
| 337 |
|
|
|a computer
|b c
|2 rdamedia
|
| 338 |
|
|
|a online resource
|b cr
|2 rdacarrier
|
| 490 |
0 |
|
|a Ohio short histories of Africa
|
| 505 |
0 |
|
|a Prologue: The Challenge of Representation -- Living Colonialism: The Making of an Insurgent -- The Early Political Education of Samora Machel: The Making of a Freedom Fighter, ca.1940-63 -- The Struggle within the Struggle, 1962-70 -- Samora and the Armed Struggle, 1964-75 -- Politics, Performance, and People's Power, 1975-ca. 1977 -- Samora Machel's Marxism and the Defense of the Revolution, 1977-82 -- The Unraveling of Mozambique's Socialist Revolution, 1983-86 -- Who Killed Samora? -- The Political Afterlife of Samora and the Politics of Memory -- Conclusion: Samora Revisited
|
| 520 |
|
|
|a "From his anticolonial military leadership to the presidency of independent, communist Mozambique, Samora Machel held a reputation as a revolutionary hero to the oppressed. His controversial death, however, continues to raise questions about warring political and economic ideologies"--
|c Provided by publisher.
|
| 588 |
|
|
|a Description based on print version record.
|
| 600 |
1 |
7 |
|a Machel, Samora,
|d 1933-1986.
|2 fast
|0 (OCoLC)fst01445974
|
| 600 |
1 |
0 |
|a Machel, Samora,
|d 1933-1986.
|
| 650 |
|
7 |
|a Nationalists.
|2 fast
|0 (OCoLC)fst01033905
|
| 650 |
|
7 |
|a Politics and government.
|2 fast
|0 (OCoLC)fst01919741
|
| 650 |
|
7 |
|a Presidents.
|2 fast
|0 (OCoLC)fst01075723
|
| 650 |
|
0 |
|a Nationalists
|z Mozambique
|v Biography.
|
| 650 |
|
0 |
|a Presidents
|z Mozambique
|y 20th century
|v Biography.
|
| 651 |
|
7 |
|a Mozambique.
|2 fast
|0 (OCoLC)fst01214418
|
| 651 |
|
0 |
|a Mozambique
|x Politics and government
|y 1975-1994.
|
| 651 |
|
0 |
|a Mozambique
|x Politics and government
|y To 1975.
|
| 655 |
|
7 |
|a Biographies.
|2 fast
|0 (OCoLC)fst01919896
|
| 655 |
|
7 |
|a Electronic books.
|2 local
|
| 700 |
1 |
|
|a Sachs, Albie,
|d 1935-
|4 authorOfIntroduction
|
| 700 |
1 |
|
|a Isaacman, Barbara.
|4 author
|
| 710 |
2 |
|
|a Project Muse.
|e distributor
|
| 830 |
|
0 |
|a Book collections on Project MUSE.
|
| 856 |
4 |
0 |
|z Texto completo
|u https://projectmuse.uam.elogim.com/book/89124/
|
| 945 |
|
|
|a Project MUSE - Custom Collection
|